000 01164pam a2200325 a 4500
999 _c2543
_d2543
001 1423680
003 OSt
005 20191118145653.0
008 840405s1984 nyu b 001 0 eng
010 _a 84007334
020 _a0471889873
040 _aDLC
_cDLC
_dDLC
050 0 0 _aQA278
_b.A516 1984
082 0 0 _a519.5
_219
_bAND 1984
100 1 _aAnderson, T. W.
_d1918-
_96132
245 1 3 _aAn introduction to Multivariate Statistical Analysis
250 _a2nd ed.
260 _aNew York;
_bWiley,
_c1984.
300 _axvii, 675 p. ;
_c25 cm.
440 0 _aWiley series in probability and mathematical statistics
_96133
500 _aIncludes index.
504 _aBibliography: p. 643-665.
650 0 _aMultivariate analysis.
_9964
650 0 _aMathematical analysis
_92757
856 4 2 _3Contributor biographical information
_uhttp://www.loc.gov/catdir/bios/wiley042/84007334.html
856 4 2 _3Publisher description
_uhttp://www.loc.gov/catdir/description/wiley034/84007334.html
856 4 _3Table of Contents
_uhttp://www.loc.gov/catdir/toc/onix05/84007334.html
906 _a7
_bcbc
_corignew
_d1
_eocip
_f19
_gy-gencatlg
942 _2ddc
_cSLOAN